[Event "4NCL/Div4/CONQ2 vs. AMCAH"]
[Site "Staverton Park ENG"]
[Date "2008.02.09"]
[Round "5.2"]
[White "Lyne, Colin J"]
[Black "Holland, James"]
[Result "1-0"]
[WhiteElo "1970"]
[BlackElo "1795"]
[PlyCount "51"]
[EventDate "2008.02.09"]
[EventType "team"]
[EventRounds "11"]
[EventCountry "ENG"]
[SourceDate "2007.09.15"]

1. e4 c5 2. Nf3 d6 3. d4 cxd4 4. Nxd4 Nf6 5. Nc3 g6 6. Be3 Bg7 7. f3 O-O 8. Qd2
Nc6 9. Bc4 Bd7 10. h4 Rc8 11. Bb3 h5 12. O-O-O Ne5 13. Bh6 Nc4 14. Bxc4 Rxc4
15. Bxg7 Kxg7 16. g4 hxg4 17. h5 Rh8 18. hxg6 fxg6 19. f4 Qb6 20. Rxh8 Kxh8 21.
f5 Kg7 22. Qg5 Be8 23. Ne6+ Kg8 24. Qh6 Nh5 25. Qf8+ Kh7 26. Ng5# 1-0

[Event "4NCL/Div4/CONQ2 vs. AMCAH"]
[Site "Staverton Park ENG"]
[Date "2008.02.09"]
[Round "5.3"]
[White "Paul, Barnaby"]
[Black "Green, George D A"]
[Result "1/2-1/2"]
[WhiteElo "1670"]
[BlackElo "1965"]
[PlyCount "45"]
[EventDate "2008.02.09"]
[EventType "team"]
[EventRounds "11"]
[EventCountry "ENG"]
[SourceDate "2007.09.15"]

1. c4 e5 2. Nc3 Nf6 3. g3 Be7 4. Bg2 O-O 5. e3 Nc6 6. Nge2 d6 7. d4 exd4 8.
exd4 Bf5 9. O-O Qd7 10. Re1 Rfe8 11. b3 Bh3 12. Nf4 Bxg2 13. Kxg2 Bf8 14. Rxe8
Rxe8 15. Bb2 g6 16. Qd2 Bg7 17. d5 Ne5 18. Re1 a6 19. Nd3 Qf5 20. Nxe5 Rxe5 21.
Rxe5 Qxe5 22. f3 Nd7 23. Nd1 1/2-1/2

[Event "4NCL/Div4/CONQ2 vs. AMCAH"]
[Site "Staverton Park ENG"]
[Date "2008.02.09"]
[Round "5.4"]
[White "Tunstall, George"]
[Black "O'Neill, Tom C"]
[Result "1-0"]
[WhiteElo "2000"]
[BlackElo "1551"]
[PlyCount "119"]
[EventDate "2008.02.09"]
[EventType "team"]
[EventRounds "11"]
[EventCountry "ENG"]
[SourceDate "2007.09.15"]

1. d4 Nf6 2. c4 c5 3. d5 b5 4. cxb5 a6 5. bxa6 Bxa6 6. Nc3 g6 7. e4 Bg7 8. Bxa6
Rxa6 9. Nge2 O-O 10. O-O d6 11. Qc2 Nbd7 12. Rb1 Ne5 13. f4 Nc4 14. b3 Na3 15.
Bxa3 Rxa3 16. Na4 Ng4 17. Rf3 Qb8 18. h3 Nh6 19. Nec3 Rc8 20. Qd3 Qb4 21. Qc4
Rb8 22. Qd3 Qd4+ 23. Qe3 Qb4 24. Qe1 Bd4+ 25. Kh1 Kg7 26. Rd1 Ng8 27. e5 Bxc3
28. Nxc3 c4 29. Rd4 Rxa2 30. bxc4 Rc2 31. Qe3 Qb2 32. Rg3 Nh6 33. Qd3 Qa1+ 34.
Nd1 Rbb2 35. Kh2 Rd2 36. Qxd2 Rxd2 37. Rxd2 Nf5 38. Rc3 h5 39. g4 hxg4 40. hxg4
Nh6 41. Kg3 Qa7 42. Ne3 Qa1 43. Nd1 f5 44. exd6 exd6 45. g5 Ng4 46. c5 Qa7 47.
Kg2 Qe7 48. Nf2 Nxf2 49. Kxf2 dxc5 50. d6 Qe4 51. d7 Qxf4+ 52. Ke1 Qe4+ {=} 53.
Kd1 Qb1+ 54. Rc1 Qb3+ 55. Ke2 f4 56. d8=Q Qe3+ 57. Kd1 Qb3+ 58. Rcc2 Qf3+ 59.
Re2 Qf1+ 60. Kd2 1-0

[Event "4NCL/Div4/CONQ2 vs. AMCAH"]
[Site "Staverton Park ENG"]
[Date "2008.02.09"]
[Round "5.5"]
[White "Foster, Caroline"]
[Black "Zhang, Roy"]
[Result "1/2-1/2"]
[WhiteElo "1560"]
[BlackElo "1690"]
[PlyCount "31"]
[EventDate "2008.02.09"]
[EventType "team"]
[EventRounds "11"]
[EventCountry "ENG"]
[SourceDate "2007.09.15"]

1. d4 Nf6 2. Nf3 d5 3. e3 Bf5 4. Bd3 Bg6 5. O-O e6 6. Qe2 Nbd7 7. Nbd2 Bd6 8.
c3 Bxd3 9. Qxd3 O-O 10. e4 Bf4 11. Re1 Bxd2 12. Nxd2 dxe4 13. Nxe4 Nxe4 14.
Qxe4 c6 15. Qg4 Kh8 16. Bf4 1/2-1/2

[Event "4NCL/Div4/CELT2 vs. HAL"]
[Site "Staverton Park ENG"]
[Date "2008.02.09"]
[Round "5.1"]
[White "Kitchen, Peter J"]
[Black "Hylands, Liam"]
[Result "1/2-1/2"]
[WhiteElo "1875"]
[BlackElo "2035"]
[PlyCount "73"]
[EventDate "2008.02.09"]
[EventType "team"]
[EventRounds "11"]
[EventCountry "ENG"]
[SourceDate "2007.09.15"]

1. e4 c5 2. Nf3 Nc6 3. d4 cxd4 4. Nxd4 Nf6 5. Nc3 e5 6. Ndb5 d6 7. Bg5 a6 8.
Na3 b5 9. Bxf6 gxf6 10. Nd5 f5 11. exf5 Bxf5 12. c3 Bg7 13. Nc2 O-O 14. Be2 Ne7
15. Nce3 Be6 16. O-O f5 17. f4 Kh8 18. a4 Nxd5 19. Nxd5 Bxd5 20. Qxd5 b4 21.
Rad1 Qb6+ 22. Kh1 bxc3 23. bxc3 Qe3 24. Qd3 exf4 25. Bf3 Qxd3 26. Rxd3 Rad8 27.
Rb1 Rfe8 28. h3 Re3 29. Rd5 Rxc3 30. Rb6 Be5 31. Rxa6 Rc1+ 32. Kh2 Rb8 33. Rb5
Rxb5 34. axb5 Bd4 35. Rxd6 Bf2 36. Rd1 Rc5 37. Rd5 1/2-1/2

[Event "4NCL/Div4/CELT2 vs. HAL"]
[Site "Staverton Park ENG"]
[Date "2008.02.09"]
[Round "5.2"]
[White "Pugh, Glyn D"]
[Black "Larter, Nick"]
[Result "1/2-1/2"]
[WhiteElo "1960"]
[BlackElo "1780"]
[PlyCount "133"]
[EventDate "2008.02.09"]
[EventType "team"]
[EventRounds "11"]
[EventCountry "ENG"]
[SourceDate "2007.09.15"]

1. e4 e6 2. d4 d5 3. Nc3 Nf6 4. e5 Nfd7 5. f4 c5 6. Nf3 Nc6 7. Be3 cxd4 8. Nxd4
Bc5 9. Na4 Bxd4 10. Bxd4 Nxd4 11. Qxd4 Qc7 12. Bd3 a6 13. Nc3 Qb6 14. Qxb6 Nxb6
15. Ne2 Na4 16. O-O-O Bd7 17. Nd4 g6 18. Rhe1 Ke7 19. Kb1 Rac8 20. Rd2 b5 21.
c3 Rc7 22. Bc2 Nb6 23. g4 Rhc8 24. f5 a5 25. fxe6 fxe6 26. a3 Rf8 27. Bd3 Nc4
28. Bxc4 bxc4 29. Kc1 Rcc8 30. Rg2 Rf4 31. Kd2 Rb8 32. Kc1 Ba4 33. h3 Rbf8 34.
Kd2 Rf1 35. Nf5+ R1xf5 36. gxf5 Rxf5 37. Re3 Bc6 38. Rge2 Rf1 39. Rg3 Rf4 40.
Ke1 Rf5 41. Rge3 a4 42. Rf2 Rg5 43. Kf1 Rh5 44. Rf4 Rg5 45. h4 Rh5 46. Re2 Ke8
47. Kf2 Ke7 48. Kg3 Be8 49. Rg4 h6 50. Rf4 Bc6 51. Rff2 Be8 52. Kg4 g5 53. Rh2
gxh4 54. Rxh4 Rg5+ 55. Kf4 Rf5+ 56. Ke3 Rxe5+ 57. Kd2 Rxe2+ 58. Kxe2 h5 59. Ke3
e5 60. Rh2 Bf7 61. Kf3 Kf6 62. Kg3 Kg5 63. Rf2 h4+ 64. Kh2 Be6 65. Rf8 e4 66.
Kg2 Kg4 67. Kf2 1/2-1/2

[Event "4NCL/Div4/CELT2 vs. HAL"]
[Site "Staverton Park ENG"]
[Date "2008.02.09"]
[Round "5.3"]
[White "Buttell, David"]
[Black "Bull, Philip"]
[Result "0-1"]
[WhiteElo "1755"]
[BlackElo "1925"]
[PlyCount "124"]
[EventDate "2008.02.09"]
[EventType "team"]
[EventRounds "11"]
[EventCountry "ENG"]
[SourceDate "2007.09.15"]

1. d4 d5 2. c4 e5 3. dxe5 d4 4. Nf3 Nc6 5. g3 Bf5 6. a3 Qd7 7. Bg2 Nge7 8. O-O
O-O-O 9. Bd2 Ng6 10. b4 Ngxe5 11. Nxe5 Nxe5 12. Bf4 Nxc4 13. Nd2 Nxd2 14. Qxd2
Qe6 15. Rfc1 Rd7 16. e3 d3 17. Rc3 Bd6 18. Bxd6 Qxd6 19. Rac1 h5 20. Rc4 Rhd8
21. Rc5 Qf6 22. e4 Bg4 23. h3 Be2 24. h4 Kb8 25. Bh3 Bg4 26. Bxg4 hxg4 27. Re1
Qa6 28. Rc3 g6 29. Rd1 Qe6 30. Re1 Qe5 31. Rc5 Qd4 32. e5 b6 33. Rc3 Re8 34.
Rd1 Red8 35. Re1 Qd5 36. Rd1 Qxe5 37. Re1 Qd5 38. Re3 Qf5 39. Rc4 Rd4 40. Rc1
Qb5 41. Ree1 Rc4 42. Rxc4 Qxc4 43. Rc1 Qd5 44. Qc3 Rd7 45. Rd1 Qf3 46. Rd2 Rd6
47. b5 f5 48. Qe5 Qe4 49. Qa1 Re6 50. Qd1 Rd6 51. Qf1 Qd5 52. Qb1 Qc4 53. a4
Kb7 54. Qd1 a6 55. bxa6+ Kxa6 56. Qb1 c5 57. Qd1 Qd5 58. Qb1 c4 59. Qb4 Qc5 60.
Qc3 Re6 61. Qh8 Re1+ 62. Kh2 Qc6 0-1

[Event "4NCL/Div4/CELT2 vs. HAL"]
[Site "Staverton Park ENG"]
[Date "2008.02.09"]
[Round "5.4"]
[White "Pakenham, John H"]
[Black "Kitchen, Michael J"]
[Result "1/2-1/2"]
[WhiteElo "1680"]
[BlackElo "1730"]
[PlyCount "54"]
[EventDate "2008.02.09"]
[EventType "team"]
[EventRounds "11"]
[EventCountry "ENG"]
[SourceDate "2007.09.15"]

1. d4 e6 2. Nf3 Nf6 3. c4 d5 4. Bg5 Be7 5. Nc3 c6 6. e3 O-O 7. a3 Nbd7 8. b4
dxc4 9. Bxc4 Nd5 10. Bxd5 exd5 11. Bf4 Nb6 12. Ne5 Bf5 13. h3 f6 14. Ng4 Bd6
15. Ne2 Qd7 16. Ng3 Bxf4 17. exf4 Rae8+ 18. Ne3 Nc4 19. Qe2 Nxe3 20. fxe3 Be4
21. O-O f5 22. Nxe4 Rxe4 23. Rf3 Rfe8 24. Rd1 R8e7 25. Rd3 Qe8 26. Qf2 R4e6 27.
Rg3 g6 1/2-1/2